[Event "Bullet Chess Losers 2023"]
[Site "chess.com INT"]
[Date "2023.07.19"]
[Round "2.3"]
[White "Le Tuan Minh"]
[Black "Paravyan, D."]
[Result "1-0"]
[WhiteElo "2557"]
[BlackElo "2612"]
[PlyCount "55"]
[EventDate "2023.07.18"]
[EventType "k.o."]

1. d3 d5 2. Nf3 g6 3. g3 Bg7 4. Bg2 e5 5. O-O Ne7 6. Nbd2 O-O 7. e4 Nbc6 8. Re1 dxe4 ({RR} 8... h6 9. c3 a5 10. a4 Be6 11. exd5 Bxd5 12. Nf1 Qd7 13. Ne3 Be6 14. Nc4 f6 15. Na3 Rad8 16. d4 exd4 17. Nxd4 Nxd4 18. Qxd4 Nd5 19. c4 Nb4 20. Qxd7 Bxd7 21. Bxb7 g5 22. Bf3 f5 23. Rb1 {Amin,B (2662)-Najer,E (2679) Doha 2016 0-1 (58)}) ({RR} 8... d4 9. a4 h6 10. Nc4 Be6 11. b3 a6 12. a5 b5 13. axb6 cxb6 14. Bd2 Qc7 15. h4 b5 16. Na5 Rfc8 17. Ra2 Qd6 18. Qc1 Kh7 19. Re2 Bg4 20. Re1 Bf8 21. Nh2 Bd7 22. Nb7 Qc7 23. Nc5 {Venkatesh,M (2382)-Kushko,D (2445) chess.com INT 2024 1-0 (50)}) 9. Nxe4 $146 ({RR} 9. dxe4 h6 10. a4 f5 11. exf5 gxf5 12. c3 e4 13. Nh4 Ne5 14. Bf1 Nd3 15. Bxd3 Qxd3 16. Qh5 Be6 17. Ng2 Bf7 18. Qh3 Rad8 19. Nf1 Rd6 20. Bf4 Rc6 21. Red1 Qc2 22. Rd2 Qb3 23. Nfe3 Be6 {Balakrishnan,P (2041)-Zimmer,R (2193) ICC INT 2012 0-1 (47)}) 9... h6 10. Nc3 Be6 11. Be3 Qd7 12. Qd2 Rad8 13. Bxh6 f6 14. Bxg7 Kxg7 15. Ne4 b6 16. Rad1 Rh8 17. h4 Bg4 18. c3 Qf5 19. Qe3 Nd5 20. Qe2 Rh6 21. Ned2 Rdh8 22. Qe4 Qd7 23. Rc1 Bf5 24. Qc4 Nde7 25. Ne4 g5 26. hxg5 fxg5 27. Nexg5 Bxd3 28. Qf7# 1-0

[Event "Julius Baer Play-In 2023"]
[Site "chess.com INT"]
[Date "2023.07.24"]
[Round "1.55"]
[White "Theodorou, Nikolas"]
[Black "Iskandarov, M."]
[Result "1-0"]
[WhiteElo "2586"]
[BlackElo "2551"]
[PlyCount "127"]
[EventDate "2023.07.24"]

1. Nf3 Nf6 2. b3 g6 3. Bb2 Bg7 4. g3 O-O 5. Bg2 d5 6. c4 c6 7. O-O Bg4 8. d4 Bxf3 9. Bxf3 e6 10. Nc3 Nbd7 11. e3 a6 ({RR} 11... Re8 12. Qc2 a5 13. Bg2 Nb6 14. Ne2 Nbd7 15. Rfd1 Qb6 16. Nf4 Red8 17. Nd3 Qa7 18. Rac1 Bf8 19. h3 Bg7 20. Qe2 Ne8 21. Rc2 a4 22. Bc3 axb3 23. axb3 Qb6 24. Rb2 Ra7 25. Qc2 Rda8 26. Be1 {Artemiev,V (2728)-Kamsky,G (2674) Chess.com INT 2020 ½-½ (34)}) ({RR} 11... Re8 12. Bg2 Qe7 13. Qe2 Rad8 14. Rad1 Nb6 15. a3 Nc8 16. c5 Nd7 17. e4 dxe4 18. Nxe4 Nf6 19. Nd2 Qc7 20. Nc4 Nd5 21. b4 Nce7 22. Rd3 Nf5 23. Rfd1 Qe7 24. Qc2 h5 25. Qb3 h4 26. a4 {Theodorou,N (2591)-Xue,H (2335) Dubai UAE 2023 1-0 (66)}) 12. Bg2 Re8 13. Qe2 $146 ({RR} 13. Rc1 Qe7 14. Qe2 Red8 15. Rfd1 Rac8 16. Qc2 Qe8 17. Re1 b5 18. cxd5 cxd5 19. Qe2 Nb6 20. Qd3 Bf8 21. Ne2 Bd6 22. Bc3 Rc6 23. Ba5 Rdc8 24. Qb1 Nbd7 25. Bd2 Kg7 26. Nf4 Qe7 27. Rxc6 Rxc6 {Gupta,A (2610)-Ghosh,D (2556) Chess.com INT 2018 1-0 (67)}) 13... Qa5 14. Rfd1 Rad8 15. a3 Qb6 16. Qc2 h5 17. h3 Rc8 18. Rac1 Qd8 19. Qe2 Qb6 20. b4 Qd8 21. a4 Nb6 22. c5 Nc4 23. Ba1 b5 24. cxb6 Qxb6 25. Rb1 Nd7 26. Ne4 Nxe3 27. Nc5 Nxd1 28. Nxd7 Qd8 29. Nc5 Nxf2 30. Qxf2 e5 31. dxe5 Bxe5 32. Nxa6 Bxa1 33. Rxa1 Re5 34. Nc5 Rf5 35. Qe3 Qb6 36. Rb1 Qb8 37. a5 d4 38. Qd3 Re8 39. a6 Re3 40. Qxd4 Qxg3 41. a7 Qf2+ 42. Kh1 Rxh3+ 43. Bxh3 Qxd4 44. a8=Q+ Kh7 45. Qxc6 Qh4 46. Rb3 Rf1+ 47. Kh2 Qf4+ 48. Rg3 Rf2+ 49. Bg2 h4 50. Ne4 hxg3+ 51. Kh3 Re2 52. Nf6+ Kg7 53. Ng4 Re7 54. Qc3+ f6 55. b5 Qf5 56. b6 Qh5+ 57. Kxg3 Qg5 58. b7 Qb5 59. Qxf6+ Kg8 60. Nh6+ Kh7 61. Qxe7+ Kxh6 62. Qf8+ Kg5 63. Qf4+ Kh5 64. Bf3# 1-0

[Event "Julius Baer Play-In 2023"]
[Site "chess.com INT"]
[Date "2023.07.24"]
[Round "2.17"]
[White "Meier, Geo"]
[Black "Malakhov, V."]
[Result "1-0"]
[WhiteElo "2629"]
[BlackElo "2646"]
[PlyCount "101"]
[EventDate "2023.07.24"]

1. Nf3 d5 2. g3 c6 3. Bg2 Bg4 4. h3 Bxf3 5. Bxf3 Nf6 6. O-O Nbd7 7. d3 e6 8. c4 ({RR} 8. e4 Bd6 9. Nd2 Qc7 10. d4 dxe4 11. Nxe4 Nxe4 12. Bxe4 Nf6 13. Bg2 O-O 14. c3 Rad8 15. Bg5 Be7 16. Bf4 Bd6 17. Bg5 Be7 18. Qb3 Rd7 19. Rad1 Rfd8 20. Rfe1 h6 21. Bf4 Bd6 22. Bc1 a6 {Svane,R (2621)-Duda,J (2724) chess.com INT 2023 0-1 (79)}) 8... dxc4 $146 ({RR} 8... Ne5 9. Bg2 dxc4 10. d4 Ned7 11. Qc2 Nb6 12. Rd1 Bb4 13. Nd2 Qxd4 14. Ne4 Qe5 15. Bf4 Qa5 16. Nd6+ Bxd6 17. Bxd6 O-O-O 18. b3 Rxd6 19. Rxd6 cxb3 20. Qxb3 Nfd5 21. e4 Qc5 22. e5 Qc3 23. Qxc3 {Ivanova,K (2085)-Jenni,F (2456) Chess.com INT 2019 0-1 (60)}) ({RR} 8... Bd6 9. Bg2 O-O 10. Nd2 Qe7 11. e3 a5 12. Qc2 Rfd8 13. Rd1 b5 14. Rb1 bxc4 15. dxc4 a4 16. b3 axb3 17. axb3 e5 18. Nf3 g6 19. Bb2 Nc5 20. cxd5 cxd5 21. Bxe5 Bxe5 22. Nxe5 Rac8 23. Qb2 {Meier,G (2591)-Klekowski,M (2463) chess.com INT 2024 1-0 (45)}) 9. dxc4 Ne5 10. Nd2 Nxf3+ 11. Nxf3 Qxd1 12. Rxd1 Be7 13. Be3 O-O 14. Rd3 Rfd8 15. Rad1 Rxd3 16. Rxd3 Kf8 17. Ne5 a6 18. a4 b5 19. Nxc6 bxc4 20. Rd4 Nd5 21. Bd2 Bf6 22. Rxc4 Bxb2 23. e4 Nf6 24. f3 Rc8 25. Kf2 Ke8 26. Ke2 Nd7 27. Be3 Bf6 28. f4 Nb8 29. Na5 Rxc4 30. Nxc4 Be7 31. Ne5 f6 32. Nd3 Nd7 33. f5 e5 34. Kd2 Kd8 35. Kc3 Kc7 36. Nb4 Bxb4+ 37. Kxb4 Kc6 38. Ka5 Kb7 39. g4 g6 40. h4 gxf5 41. exf5 e4 42. g5 fxg5 43. hxg5 Ne5 44. Kb4 Kc6 45. Bd4 Nf3 46. g6 hxg6 47. fxg6 Nxd4 48. g7 e3 49. g8=Q e2 50. Qe8+ Kc7 51. Kc4 1-0

[Event "Julius Baer Play-In 2023"]
[Site "chess.com INT"]
[Date "2023.07.24"]
[Round "3.24"]
[White "Eljanov, P."]
[Black "Kosteniuk, A."]
[Result "1-0"]
[WhiteElo "2694"]
[BlackElo "2532"]
[PlyCount "159"]
[EventDate "2023.07.24"]

1. Nf3 Nf6 2. g3 c5 3. Bg2 d5 4. O-O g6 5. c4 Bg7 6. Qa4+ Nc6 ({RR} 6... Bd7 7. Qb3 dxc4 8. Qxc4 Qb6 9. Ne5 Be6 10. Qa4+ Nbd7 11. d3 O-O 12. Nc4 Qc7 13. Bf4 Qc8 14. Nc3 Nb6 15. Nxb6 axb6 16. Qc2 Bh3 17. Qb3 Bxg2 18. Kxg2 Qc6+ 19. Kg1 Rfd8 20. Be5 Nh5 21. Bxg7 {Giri,A (2764)-Anand,V (2775) Leuven 2017 ½-½ (48)}) 7. Ne5 ({RR} 7. d4 O-O 8. dxc5 d4 9. b4 Ne4 10. b5 d3 11. exd3 Nxc5 12. Qa3 Nb4 13. Qxb4 Nxd3 14. Qa3 Nxc1 15. Nc3 Bxc3 16. Raxc1 Bf6 17. c5 Qc7 18. Rfd1 Bf5 19. Nd4 Bg4 20. Bf3 Rfd8 21. Bxg4 Bxd4 {Dronavalli,H (2489)-Kosteniuk,A (2484) Monaco MNC 2025 1-0 (44)}) 7... O-O $146 ({RR} 7... Qd6 8. cxd5 Nxd5 9. Nc4 Qd8 10. Nc3 e6 11. Qb5 O-O 12. Qxc5 Ndb4 13. d3 b6 14. Qd6 Ba6 15. Qxd8 Raxd8 16. Bg5 f6 17. Be3 Nd4 18. Bxd4 Rxd4 19. a3 Bxc4 20. axb4 Bb3 21. Ra3 Rxb4 22. Rxa7 {Ponkratov,P (2564)-Vetokhin,S (2502) Sochi RUS 2024 1-0 (70)}) 8. Nxc6 bxc6 9. Qxc6 Bg4 10. cxd5 Bxe2 11. Re1 Rc8 12. Qa4 Bd3 13. Nc3 c4 14. b3 Ng4 15. h3 Nxf2 16. Kxf2 Bd4+ 17. Re3 f5 18. Bb2 f4 19. gxf4 Qd6 20. Kg1 Qxf4 21. Kh1 Bxe3 22. dxe3 Qxe3 23. Rg1 Rf2 24. Nd1 Qe2 25. Nxf2 Qxf2 26. Qd7 Bf5 27. Qxe7 Qxb2 28. d6 Qd4 29. bxc4 Rxc4 30. Qd8+ Kg7 31. Re1 Rc2 32. Qe7+ Kh6 33. Qf8+ Kg5 34. Rg1 Kf4 35. Qh6+ g5 36. d7 Bxd7 37. Rf1+ Rf2 38. Qf8+ Kg3 39. Rxf2 Qxf2 40. Qd6+ Qf4 41. Qd3+ Kf2 42. Qc2+ Ke3 43. Qc3+ Ke2 44. Qc2+ Ke1 45. Qb1+ Ke2 46. Qb2+ Qd2 47. Qe5+ Kf2 48. Qf6+ Kg3 49. Qe5+ Qf4 50. Qe1+ Qf2 51. Qc3+ Kf4 52. Qf6+ Bf5 53. Qd6+ Ke3 54. Qc5+ Ke2 55. Qe7+ Kd2 56. Qd8+ Bd3 57. Qxg5+ Qe3 58. Qa5+ Ke2 59. Qc7 Kd2 60. a4 Qe1+ 61. Kh2 Qe3 62. a5 a6 63. Qd6 Ke2 64. Qc7 Kd2 65. Qb8 Qd4 66. Qg3 Qf6 67. Qc7 h6 68. Qb8 h5 69. Qb4+ Ke3 70. Qe1+ Be2 71. Qc1+ Kd3 72. Qc7 h4 73. Qb8 Qf2 74. Qb3+ Kd2 75. Qb4+ Kd3 76. Qe4+ Kc3 77. Qe5+ Kb4 78. Qc7 Kb3 79. Qb6+ Qxb6 80. axb6 1-0

[Event "Julius Baer Play-In 2023"]
[Site "chess.com INT"]
[Date "2023.07.24"]
[Round "4.52"]
[White "Amin, B."]
[Black "Kamsky, G."]
[Result "1-0"]
[WhiteElo "2694"]
[BlackElo "2655"]
[PlyCount "107"]
[EventDate "2023.07.24"]

1. Nf3 Nf6 2. g3 g6 3. Bg2 Bg7 4. O-O O-O 5. c4 c6 6. b3 d5 7. Bb2 a5 8. d3 a4 9. b4 dxc4 ({RR} 9... Na6 10. a3 Nc7 11. Qc2 dxc4 12. Qxc4 Be6 13. Qc2 Bb3 14. Qc1 Nb5 15. Nbd2 Bd5 16. Qc2 h6 17. h3 Re8 18. Rfe1 Qb6 19. Nc4 Qd8 20. e4 Be6 21. d4 Bxc4 22. Qxc4 e6 23. Rad1 Nd7 24. Qc2 {Margvelashvili,G (2840)-Skotheim,A (2579) Chess.com 2024 1-0 (101)}) 10. dxc4 Qxd1 ({RR} 10... Qb6 11. a3 Rd8 12. Qc1 Bf5 13. c5 Qa6 14. Nbd2 Qxe2 15. Re1 Qd3 16. Rxe7 Nbd7 17. Ne1 Qa6 18. Nc4 Be6 19. Bf1 Qa7 20. Nf3 Nd5 21. Rxe6 fxe6 22. Bxg7 Kxg7 23. Ng5 Nf8 24. Qb2+ Kg8 25. Ne5 {Kavutskiy,K (2351)-Nekrasov,M (2227) Karlsruhe GER 2025 1-0 (34)}) 11. Rxd1 Ne4 $146 ({RR} 11... Nbd7 12. c5 Nd5 13. Bxg7 Kxg7 14. a3 N7f6 {½-½ (14) Nyback,T (2420)-Karttunen,M (2429) Belgrade 2002}) ({RR} 11... Be6 12. Na3 Na6 13. Bc3 Rfd8 14. Nd4 Nc7 15. Nxe6 Nxe6 16. b5 Rxd1+ 17. Rxd1 Rc8 18. bxc6 bxc6 19. Nc2 Nc5 20. Bb4 Nfe4 21. Bxc5 Nxc5 22. Nb4 e6 23. Nxc6 Rc7 24. Nb4 Bc3 25. Nc2 Rd7 26. Rxd7 {Amin,B (2680)-Shirov,A (2655) Durres ALB 2023 ½-½ (51)}) 12. Bxg7 Kxg7 13. a3 Nd7 14. Nbd2 Nd6 15. c5 Nb5 16. Nc4 Nf6 17. Nd4 Nxd4 18. Rxd4 Be6 19. Nb6 Rad8 20. Rad1 Rxd4 21. Rxd4 Bb3 22. b5 e5 23. bxc6 exd4 24. cxb7 Rb8 25. c6 Ne8 26. Nd7 Rd8 27. b8=Q Rxb8 28. Nxb8 Nc7 29. Nd7 f5 30. Kf1 Kf7 31. Ke1 Ke7 32. Kd2 Nb5 33. Nc5 Kd6 34. Nxb3 axb3 35. Kc1 Nxa3 36. Kb2 Nc4+ 37. Kxb3 Ne5 38. Kb4 d3 39. exd3 Nxd3+ 40. Kb5 Kc7 41. f4 Nf2 42. Bf3 h6 43. Kc5 g5 44. Kd4 gxf4 45. gxf4 h5 46. Ke3 Ng4+ 47. Bxg4 fxg4 48. f5 Kxc6 49. Kf4 Kd6 50. Kg5 Ke5 51. f6 Ke6 52. Kg6 h4 53. f7 g3 54. f8=Q 1-0

[Event "Julius Baer Play-In 2023"]
[Site "chess.com INT"]
[Date "2023.07.24"]
[Round "4.59"]
[White "Grandelius, N."]
[Black "Donchenko, Alexa"]
[Result "1-0"]
[WhiteElo "2684"]
[BlackElo "2668"]
[PlyCount "63"]
[EventDate "2023.07.24"]

1. Nf3 c5 2. e3 Nc6 3. d4 cxd4 4. exd4 d5 5. c4 Nf6 6. h3 g6 7. c5 Bg7 8. Bb5 Qa5+ $146 ({RR} 8... O-O 9. O-O Bd7 10. Nc3 b6 11. Re1 bxc5 12. dxc5 e6 13. Bxc6 Bxc6 14. Bf4 Ne4 15. Nxe4 dxe4 16. Ne5 Bd5 17. Qc2 Rc8 18. b4 Qh4 19. Bg3 Qh5 20. Rxe4 Bxe4 21. Qxe4 f5 22. Qc4 f4 23. Bxf4 {Skvortsova,A (2170)-Alimpic,A (2281) Cetinje MNE 2024 0-1}) ({RR} 8... O-O 9. O-O Ne4 10. Nc3 Bf5 11. Ne2 Rc8 12. Be3 a6 13. Bxc6 bxc6 14. b4 a5 15. a3 Qc7 16. Rb1 axb4 17. Rxb4 Qa7 18. Qb3 Ra8 19. Rb7 Qa6 20. Nf4 Qxa3 21. Qxa3 Rxa3 22. Rxe7 Bf6 23. Rb7 {Grandelius,N (2656)-Salem,A (2690) Malmo 2022 1-0 (37)}) ({RR} 8... O-O 9. Nc3 Ne4 10. O-O Bf5 11. Ne2 Bd7 12. Bf4 Qa5 13. Bxc6 Bxc6 14. a3 Qb5 15. Qc2 a5 16. a4 Qa6 17. Rfc1 Rfc8 18. Ne5 b6 19. cxb6 Bb7 20. Nc3 Nxc3 21. bxc3 Qxb6 22. Rab1 Qa7 23. Qb3 {Djurovic,P (2265)-Manon,R (2431) Petrovac MNE 2025 ½-½ (43)}) 9. Nc3 Ne4 10. a4 Nxc3 11. bxc3 a6 12. Bxc6+ bxc6 13. Ra3 O-O 14. O-O f6 15. Bf4 e5 16. dxe5 Qxc5 17. Rb3 Qc4 18. exf6 Bxf6 19. Bh6 Re8 20. Re1 Rxe1+ 21. Qxe1 Bd7 22. Rb7 Re8 23. Qc1 Bc8 24. Rc7 Qxa4 25. Bg5 Bh8 26. Be3 Qa5 27. Rxc6 Qb5 28. Rc5 Qd3 29. Bd4 Bxh3 30. Bxh8 Kxh8 31. Rc7 Bg4 32. Qh6 1-0

[Event "Julius Baer Play-In 2023"]
[Site "chess.com INT"]
[Date "2023.07.24"]
[Round "5.55"]
[White "Daneshvar, Bardiya"]
[Black "Mekhitarian, K."]
[Result "1-0"]
[WhiteElo "2577"]
[BlackElo "2537"]
[PlyCount "63"]
[EventDate "2023.07.24"]

1. Nf3 d5 2. g3 Nc6 3. d4 Bf5 4. Bg2 Nb4 5. Na3 e6 6. c3 Nc6 7. Nh4 Be4 8. f3 Bg6 9. Qb3 Rb8 10. O-O Nf6 11. Nxg6 hxg6 12. e4 Be7 13. e5 Nd7 14. Qd1 $146 ({RR} 14. f4 Na5 15. Qa4 c5 16. Be3 cxd4 17. Bxd4 a6 18. g4 b5 19. Qd1 Bxa3 20. bxa3 Nc4 21. Qe2 Nxa3 22. f5 gxf5 23. gxf5 Qh4 24. h3 Rc8 25. Rf2 Rh5 26. Raf1 Rg5 27. Kh1 Nc4 28. fxe6 fxe6 {Krysa,L (2549)-Mekhitarian,K (2537) chess.com INT 2023 0-1 (52)}) 14... b5 15. Nc2 b4 16. f4 bxc3 17. bxc3 Na5 18. g4 c5 19. f5 Qb6 20. fxg6 fxg6 21. Qd3 Nf8 22. Qf3 cxd4 23. Qf7+ Kd7 24. Ba3 dxc3+ 25. Kh1 Nc6 26. Rad1 Rb7 27. Nd4 Nb4 28. Bxb4 Qxb4 29. Nxe6 Nxe6 30. Bxd5 Nd4 31. Qxg7 c2 32. Rxd4 1-0

[Event "Julius Baer Play-In 2023"]
[Site "chess.com INT"]
[Date "2023.07.24"]
[Round "7.25"]
[White "Amin, B."]
[Black "Smirnov, P."]
[Result "1-0"]
[WhiteElo "2694"]
[BlackElo "2538"]
[PlyCount "125"]
[EventDate "2023.07.24"]

1. Nf3 Nf6 2. g3 d5 3. Bg2 e6 4. O-O Be7 5. d3 O-O 6. Nbd2 c5 7. e4 Nc6 8. Re1 dxe4 9. dxe4 e5 10. c3 Qc7 11. Qe2 Be6 ({RR} 11... Rd8 12. Nc4 h6 13. Nh4 Be6 14. Ne3 c4 15. Nhf5 Bf8 16. Qf3 Ne8 17. Nd5 Qd7 18. h4 f6 19. Be3 Qf7 20. h5 Nd6 21. Nxd6 Rxd6 22. Qe2 f5 23. Bc5 Rdd8 24. Bxf8 Rxf8 25. Rad1 f4 26. Qxc4 {Maghsoodloo,P (2584)-Smirnov,P (2589) Yerevan 2017 ½-½ (84)}) 12. h3 ({RR} 12. Nc4 b5 13. Ne3 Nxe4 14. Qxb5 Rab8 15. Qa4 f5 16. Nd2 Nxd2 17. Bxc6 Rfd8 18. Re2 Ne4 19. Nxf5 Bxf5 20. Bxe4 Be6 21. Be3 Kh8 22. Qc2 h6 23. Bf5 Bc4 24. Ree1 Bd5 25. b3 Qc6 26. Bc1 c4 {Zander,E (2152)-Mahmudzade,Y (1962) Prague CZE 2024 0-1 (83)}) 12... h6 13. Nh4 Rfd8 14. Nc4 $146 ({RR} 14. Nf5 Bf8 15. Qf3 Ne8 16. Bf1 g6 17. Ne3 Qd7 18. Kh2 Nc7 19. a4 Qe7 20. a5 Bg7 21. Ndc4 Qf6 22. Qxf6 Bxf6 {½-½ (22) Misiuga,A (2198)-Miroslaw,M (2226) Jarnoltowek 2005}) 14... Bf8 15. Nf5 Kh7 16. a4 g6 17. Nfe3 Bg7 18. h4 h5 19. Nc2 a6 20. Bg5 Rd7 21. N2e3 Rf8 22. a5 Ng8 23. Nd5 Qb8 24. Be3 Bg4 25. Qc2 f6 26. Bxc5 Rff7 27. Nde3 Be6 28. Red1 Nh6 29. b4 Qg8 30. Nd6 Rf8 31. Nd5 Rfd8 32. Nc4 g5 33. hxg5 fxg5 34. Nce3 Qf7 35. Qe2 h4 36. g4 Ng8 37. Nf5 Nf6 38. c4 Bh8 39. Qe3 Qg6 40. f3 Bg7 41. Rd3 Ng8 42. Rad1 Re8 43. Qd2 Red8 44. Bb6 Re8 45. b5 axb5 46. cxb5 Nce7 47. Ndxe7 Rxd3 48. Nxg6 Rxd2 49. Rxd2 Kxg6 50. Nd6 Re7 51. a6 bxa6 52. bxa6 Bd7 53. Rc2 Re6 54. Bc7 Bf8 55. a7 Bxd6 56. a8=Q Nf6 57. Bf1 Bxc7 58. Rxc7 Rd6 59. Qf8 Rd1 60. Kf2 Rd2+ 61. Ke1 Rb2 62. Rxd7 Nxd7 63. Qf5+ 1-0

[Event "Julius Baer Play-In 2023"]
[Site "chess.com INT"]
[Date "2023.07.24"]
[Round "7.36"]
[White "Nihal, Sarin"]
[Black "Henriquez Villagra, C."]
[Result "1-0"]
[WhiteElo "2688"]
[BlackElo "2618"]
[PlyCount "79"]
[EventDate "2023.07.24"]

1. Nf3 Nf6 2. b3 g6 3. Bb2 Bg7 4. c4 O-O 5. g3 c6 6. Bg2 d5 7. O-O Bf5 8. d3 dxc4 9. bxc4 Qc8 10. Re1 Bh3 11. Bh1 c5 12. Nbd2 Nc6 13. Ne5 Nxe5 14. Bxe5 Qf5 $146 ({RR} 14... Ne8 15. Bxg7 Kxg7 16. Rb1 Nd6 17. Qb3 Rb8 18. Qa3 a6 19. Rb6 Qc7 20. Reb1 Nb5 21. Qa5 Nd4 22. Re1 Rfc8 23. e3 Nc2 24. Reb1 Kg8 25. Ne4 Bf5 26. a3 Qd8 27. Nxc5 Bxd3 28. Rd1 Be2 29. Rxd8+ {Pulpan,J (2407)-Sandner,G (2275) Germany 2021 1-0}) 15. Bxf6 Bxf6 16. Rb1 Bd4 17. e3 Bc3 18. Be4 Qf6 19. Rxb7 Rab8 20. Rb3 Rxb3 21. axb3 Qb6 22. Re2 Rb8 23. Bg2 Bf5 24. Be4 Bh3 25. Qc2 Bxd2 26. Rxd2 Qxb3 27. Qxb3 Rxb3 28. f4 a5 29. Ra2 f5 30. Bd5+ Kg7 31. d4 e6 32. Ba8 Rc3 33. dxc5 Rxc4 34. Rxa5 Kf6 35. Kf2 e5 36. c6 e4 37. Ra7 Rc2+ 38. Ke1 Bg4 39. c7 Ke6 40. Bc6 1-0

[Event "Julius Baer Play-In 2023"]
[Site "chess.com INT"]
[Date "2023.07.24"]
[Round "8.30"]
[White "Daneshvar, Bardiya"]
[Black "Shimanov, A."]
[Result "1-0"]
[WhiteElo "2577"]
[BlackElo "2566"]
[PlyCount "91"]
[EventDate "2023.07.24"]

1. Nf3 d5 2. g3 Nd7 3. d4 Ngf6 4. Bg2 e6 5. O-O c6 6. c4 dxc4 7. a4 a5 8. Qc2 Nd5 9. Qxc4 Be7 10. Nc3 O-O 11. e4 Nb4 12. Rd1 b6 13. Be3 Ba6 14. Qb3 c5 15. Nb5 $146 ({RR} 15. dxc5 bxc5 16. Bf1 Bxf1 17. Kxf1 Qc8 18. Nd2 Ne5 19. Nc4 Nxc4 20. Qxc4 Nc2 21. Rac1 Nxe3+ 22. fxe3 Qb8 23. Nb5 Qe5 24. b3 Rfd8 25. Qc2 Bg5 26. Ke2 Bh6 27. Rxd8+ Rxd8 28. Rd1 Rf8 29. Nd6 Qh5+ {Horvath,D (2425)-Aczel,G (2538) Budapest 2019 1-0 (93)}) 15... Rc8 16. Rd2 cxd4 17. Nfxd4 Nc5 18. Qd1 Qe8 19. Bf4 f6 20. Nc7 Qf7 21. Nxa6 Ncxa6 22. Bh3 Nc5 23. Rc1 Nba6 24. Be3 Rce8 25. Qg4 Bd8 26. Rcd1 Kh8 27. b3 Bc7 28. Nb5 Bb8 29. Nd6 Bxd6 30. Rxd6 Qc7 31. Bf1 Nb4 32. Bb5 Re7 33. Bxc5 Qxc5 34. Rxe6 Ref7 35. Qf5 Qc2 36. Qf3 f5 37. e5 f4 38. g4 Na2 39. Rc6 Qb2 40. e6 Re7 41. Qxf4 Ree8 42. Qe3 Nb4 43. Rcd6 Re7 44. Rd8 Qf6 45. Rxf8+ Qxf8 46. Qxb6 1-0

[Event "Julius Baer Play-In 2023"]
[Site "chess.com INT"]
[Date "2023.07.24"]
[Round "8.52"]
[White "Demidov, M."]
[Black "Prohaszka, P2."]
[Result "1-0"]
[WhiteElo "2587"]
[BlackElo "2585"]
[PlyCount "169"]
[EventDate "2023.07.24"]

1. Nf3 d5 2. g3 Nf6 3. Bg2 e6 4. O-O Be7 5. b3 O-O 6. Bb2 a5 7. c4 c6 8. Qc2 Nbd7 9. d3 ({RR} 9. a3 Qb6 10. d3 Re8 11. Nbd2 Bf8 12. d4 g6 13. Rfe1 Bg7 14. e4 Nxe4 15. Nxe4 dxe4 16. Rxe4 c5 17. Rd1 a4 18. Re3 Qc7 19. d5 axb3 20. Qxb3 Ra6 21. Bxg7 Kxg7 22. Qc3+ Kg8 23. Rde1 Nf8 {Timman,J (2620)-Bellon Lopez,J (2415) Las Palmas 1981 1-0 (38)}) 9... Bd6 $146 ({RR} 9... Qc7 10. Nbd2 Re8 11. e4 dxe4 12. dxe4 e5 13. a3 Bc5 14. Bc3 b6 15. b4 axb4 16. axb4 Rxa1 17. Rxa1 Bd6 18. Nf1 Bb7 19. Nh4 c5 20. b5 g6 21. Ne3 Ra8 22. Rxa8+ Bxa8 23. Qa4 Qb8 24. f3 {Schuster,P-Huliakova,M Brno 1986 1-0 (33)}) ({RR} 9... a4 10. e4 dxe4 11. dxe4 axb3 12. axb3 Rxa1 13. Bxa1 Qa5 14. Bc3 Qh5 15. e5 Ng4 16. Re1 Bc5 17. Re2 f6 18. exf6 Ndxf6 19. h3 Nxf2 20. Rxf2 Bxf2+ 21. Kxf2 Qf5 22. Qxf5 exf5 23. Nfd2 f4 24. g4 {Awoki,D (2152)-Rigonati,E (1827) Sao Paulo BRA 2024 1-0 (50)}) 10. Nc3 Re8 11. Rac1 Qe7 12. d4 Bb4 13. Nd2 b5 14. e4 bxc4 15. bxc4 Ba6 16. e5 Ng4 17. Rfd1 Nb6 18. c5 Nd7 19. Nf3 f6 20. exf6 Ndxf6 21. h3 Bxc3 22. Bxc3 Nh6 23. a4 Nf7 24. Bxa5 Be2 25. Qxe2 Rxa5 26. Ra1 Qa7 27. Qc2 Ra8 28. Re1 Nd8 29. Ng5 Rxa4 30. Rxa4 Qxa4 31. Qxa4 Rxa4 32. Nxe6 Nxe6 33. Rxe6 Rxd4 34. Bf3 Rc4 35. Rxc6 Kf7 36. Rc7+ Kg6 37. c6 Rc2 38. Rc8 Ne4 39. Bxe4+ dxe4 40. c7 h5 41. h4 Kf7 42. Kf1 Kg6 43. Ke1 Kh7 44. Kd1 Rc5 45. Kd2 Kg6 46. Ke3 Rc4 47. Kf4 Kh7 48. Ke5 Kg6 49. Kd5 Rc2 50. Kxe4 Kh7 51. Kf5 Rc5+ 52. Ke6 Rc2 53. f4 Rc3 54. Kd6 Rd3+ 55. Ke5 Rc3 56. f5 Rc4 57. Kd5 Rc1 58. Ke4 Rc4+ 59. Ke5 Rc1 60. Kf4 Rc3 61. Kg5 Rxg3+ 62. Kxh5 Rc3 63. Kg5 Rc1 64. h5 Rg1+ 65. Kf4 Rf1+ 66. Ke3 Re1+ 67. Kd2 Re7 68. Rh8+ Kxh8 69. c8=Q+ Kh7 70. Qc6 Rf7 71. Qg6+ Kg8 72. Ke3 Rf6 73. Qxf6 gxf6 74. Kd4 Kg7 75. Kd5 Kh6 76. Ke6 Kg5 77. h6 Kxh6 78. Kxf6 Kh7 79. Ke7 Kg7 80. f6+ Kg6 81. f7 Kh6 82. f8=Q+ Kh7 83. Qf6 Kg8 84. Qg5+ Kh7 85. Kf7 1-0

[Event "Julius Baer Play-In 2023"]
[Site "chess.com INT"]
[Date "2023.07.24"]
[Round "9.15"]
[White "Nihal, Sarin"]
[Black "Karthikeyan, M2."]
[Result "1-0"]
[WhiteElo "2688"]
[BlackElo "2618"]
[PlyCount "79"]
[EventDate "2023.07.24"]

1. Nf3 Nf6 2. b3 g6 3. Bb2 Bg7 4. c4 O-O 5. g3 c5 6. Bg2 Nc6 7. O-O d6 8. d4 cxd4 9. Nxd4 Bd7 10. Nc2 a6 11. Nc3 Rb8 12. Ne3 b5 13. cxb5 ({RR} 13. Qd2 Qa5 14. Rfd1 Rfc8 15. Ne4 Nxe4 16. Bxe4 Qxd2 17. Rxd2 Bxb2 18. Rxb2 bxc4 19. Nxc4 a5 20. Rd1 Rb5 21. Rd5 Rxd5 22. Bxd5 Nb4 23. Bb7 Rc5 24. a3 Nc6 25. Nd2 Rb5 26. Bxc6 Bxc6 27. b4 axb4 {Mchedlishvili,M (2629)-Roiz,M (2661) Tashkent 2011 ½-½}) 13... axb5 14. Qd2 Qa5 ({RR} 14... Re8 15. Ncd5 Nxd5 16. Nxd5 Bxb2 17. Qxb2 Qa5 18. Rac1 Rbc8 19. Rfd1 Qa7 20. h3 b4 21. Rc4 Rb8 22. Nf6+ exf6 23. Bxc6 Bxc6 24. Rxc6 Re6 25. Rdxd6 Rxd6 26. Rxd6 Re8 27. Rxf6 Qe7 28. Rf4 Qxe2 29. Qf6 {Domingo Nunez,A (2318)-Quirke,J (1992) chess.com INT 2024 1-0 (33)}) 15. a3 $146 ({RR} 15. Rfd1 Rfc8 16. Rac1 Be6 17. Ne4 Nxe4 18. Bxe4 Qxd2 19. Rxd2 Bxb2 20. Rxb2 Nb4 21. Rd1 f5 22. Bf3 Rc7 23. a3 Na6 24. Nd5 Bxd5 25. Bxd5+ Kg7 26. b4 Kf6 27. Rdd2 e6 28. Bb3 d5 29. Rbc2 Rbc8 {Paprocki,J (2240)-Rybak,T (2206) Wloclawek 2006 ½-½ (45)}) 15... b4 16. Ncd5 Nxd5 17. Nxd5 Bxb2 18. Qxb2 bxa3 19. Rxa3 Qd8 20. Rc1 Nb4 21. Ra7 Nxd5 22. Bxd5 Rc8 23. Rxc8 Bxc8 24. h4 e6 25. Bf3 h5 26. Be4 Bd7 27. b4 d5 28. Bd3 d4 29. Qxd4 Bc6 30. Qxd8 Rxd8 31. b5 Bd5 32. f4 Kg7 33. Kf2 Bh1 34. Ra3 Bb7 35. e4 Rd4 36. Ke3 Rb4 37. Kd2 Rd4 38. Kc3 Rd7 39. Ra7 Kf6 40. b6 1-0

[Event "TCh-TUR Super League 2023"]
[Site "Ankara TUR"]
[Date "2023.07.20"]
[Round "11.1"]
[White "Gukesh, D."]
[Black "Sychev, K."]
[Result "1-0"]
[WhiteElo "2744"]
[BlackElo "2540"]
[PlyCount "42"]
[EventDate "2023.07.10"]
[WhiteTeam "TURK HAVA YOLLARI"]
[BlackTeam "TAS DUVAR"]

1. Nf3 Nf6 2. g3 d5 3. Bg2 c5 4. O-O g6 5. d4 cxd4 6. Nxd4 Bg7 7. Nb3 O-O 8. Nc3 e6 9. a4 ({RR} 9. e4 Nc6 10. Qe2 d4 11. Nb1 e5 12. Rd1 b6 13. c3 Bg4 14. Bf3 Bxf3 15. Qxf3 a5 16. cxd4 exd4 17. Bf4 Nd7 18. Qe2 a4 19. Nc1 Re8 20. Nd3 Qe7 21. Nd2 a3 22. Rac1 Nce5 23. Bxe5 Bxe5 {Nakamura,H (2802)-Robson,R (2689) Saint Louis USA 2025 ½-½ (82)}) 9... Nc6 10. a5 Re8 11. h3 $146 ({RR} 11. Re1 Rb8 12. Bf4 e5 13. Bg5 d4 14. Ne4 Bf5 15. a6 b6 16. Nxf6+ Bxf6 17. Bxc6 Bxg5 18. Bxe8 Qxe8 19. h4 Bh6 20. c3 Rc8 21. Nd2 e4 22. Nf1 dxc3 23. bxc3 e3 24. Qa4 Bd7 25. Qd4 exf2+ {Artemiev,V (2731)-Anand,V (2757) Bucharest 2019 0-1 (37)}) 11... h6 12. Be3 Ne5 13. Qc1 Kh7 14. Rd1 Nc4 15. Bc5 Bd7 16. e4 Nxe4 17. Nxe4 dxe4 18. Bxe4 Nxb2 19. Qf4 f5 20. Bxb7 Nxd1 21. Rxd1 e5 1-0